Feedstock Recycling of Plastic Wastes

Na minha lista:
Detalhes bibliográficos
Autor principal: Aguado, José
Outros Autores: Serrano, David P.
Formato: Livro
Idioma:inglês
Publicado em: Cambridge Royal Society of Chemistry 1999
Colecção:RSC Clean Technology Monographs
Assuntos:
Acesso em linha:View in OPAC
Tags: Adicionar Tag
Sem tags, seja o primeiro a adicionar uma tag!

MARC

LEADER 00000nam a2200000 a 4500
005 20260127133936.0
008 060330 1999 enk 000 0 eng d
020 |a 0854045317 
035 |a vtls008640557 
039 9 |y 200603300942  |z mschk03 
040 |a STUSCHK1  |b slo  |c STUSCHK1  |e AACR2 
080 |a 628.477.6 
100 1 |a Aguado, José 
245 1 |a Feedstock Recycling of Plastic Wastes 
260 |a Cambridge  |b Royal Society of Chemistry  |c 1999 
300 |a 192 p. 
490 0 |a RSC Clean Technology Monographs 
650 0 |a recyclic  |x plastic wastes 
700 1 |a Serrano, David P. 
910 |a SCHK95 
919 |a 0-85404-531-7 
999 |c 527  |d 527